Najlepsze seriale według IMDb - Statystyki

Ogólne statystyki
  • Ten quiz został rozwiązany 284 razy
  • Średni wynik to 3 z 27
Statystyki odpowiedzi
Ocena Lata emisji Tytuł serialu % Poprawnych
9.4 2008-2013 Breaking Bad
82%
9.2 2011-2019 Gra o Tron
75%
9.4 2019 Czarnobyl
32%
9.2 1999-2007 Rodzina Soprano
28%
9.1 2010-2017 Sherlock
21%
9.4 2001 Kompania braci
19%
9.3 2002-2008 Prawo ulicy
17%
9.3 2019 Nasza planeta
16%
9.2 2013- Rick and Morty
15%
9.4 2006 Planeta Ziemia
8%
9.5 2016 Planeta Ziemia 2
5%
9.2 2005-2008 Awatar: Legenda Aanga
3%
9.0 1992-1995 Batman
2%
9.2 2014 Kosmos
2%
9.0 1959-1964 Strefa mroku
2%
9.2 1980 Cosmos
1%
9.0 2001 Błękitna planeta
0%
9.3 2017-2018 Błękitna planeta 2
0%
9.0 2002-2003 Firefly
0%
9.1 1973-1976 Historia II wojny światowej
0%
9.0 2011-2012 Lodowa planeta
0%
9.0 2018 Persona
0%
9.0 2011 Planeta ludzi
0%
9.1 2009-2012 Stalowy alchemik: misja braci
0%
9.0 1995-1996 The Beatles - Anatologia
0%
9.1 2017 Wojna wietnamska: Film Kena Burnsa i Lynn Novick
0%
9.1 2009 Życie
0%
Nie znaleziono quizów pasujących do podanych kryteriów
Rozkład punktacji
Procent ludzi z każdym wynikiem
Percentyl według liczby udzielonych odpowiedzi
Twoja historia wyników
Nie rozwiązałeś tego quizu